LEADER 00949nam0 22002651i 450 001 UON00049349 005 20231205102219.159 100 $a20020107d1974 |0itac50 ba 101 $aeng 102 $aGB 105 $a|||| 1|||| 200 1 $aOriental costume$fJacqueline Ayer 210 $aLondon$cStudio Vista$d1974 215 $a191 p.$cill.$d28 cm 606 $aCOSTUMI ORIENTALI$3UONC016872$2FI 620 $aGB$dLondon$3UONL003044 686 $aINT IX F$cINTERAREALE - ARTI - ARTI TESSILI$2A 700 1$aAYER$bJacqueline$3UONV031170$0650597 712 $aStudio Vista$3UONV245856$4650 801 $aIT$bSOL$c20240220$gRICA 899 $aSIBA - SISTEMA BIBLIOTECARIO DI ATENEO$2UONSI 912 $aUON00049349 950 $aSIBA - SISTEMA BIBLIOTECARIO DI ATENEO$dSI INT IX F 001 $eSI ARC2429 7 001 996 $aOriental costume$91146897 997 $aUNIOR